000 00698cab a22001815a 4500
001 L147743
008 090612e2009 xxk 000 0 eng d
035 _a(Sirsi) u147743
041 0 _aeng
245 0 0 _aMaking history
260 _c2009
490 _aFarmland Market
_v71 Spring 2009, 18-21(4)
520 _aA review of the leading agents buying, selling and letting agricultural land today. Includes short histories of the following agents: Knight Frank, Carter Jonas, Smiths Gore, Stags, Savills, Humberts, Brown & Co, Strutt & Parker, Bidwells, and Fisher German.
590 _aKA
651 4 _aEngland and Wales
_y1543-
690 _aPROPERTY-RURAL AND NATURAL ASSETS-LAND
942 _n0
999 _c81626
_d81626